000 00558nam a22001577a 4500
003 OSt
005 20150915095058.0
008 150915b xxu||||| |||| 00| 0 eng d
040 _cRUA
082 _aAGR BAO 1999 B024 Or.1
100 _9483
_aBAO, VUTHY,
245 _aIncorporating farmers'knowlage in research planning ការបញ្ចូលចំនេះដឹងកសិករក្នុងការធ្វើផែនការស្រាវជ្រាវ
260 _aPhnom Penh
_bRUA
_c1999
300 _a42p.
_bill.
_c29cm.
942 _2ddc
_cAGR
999 _c463
_d463